MARC

LEADER 00000nam0a2200000 4500
001 260937
005 20231031221341.0
010 |b 5000 экз. 
035 |a (RuTPU)RU\TPU\book\283908 
090 |a 260937 
100 |a 20140519d1936 m y0rusy50 ca 
101 0 |a rus 
102 |a UA 
105 |a a j 001zy 
200 1 |a Курс прокатки в сжатом виде  |e учебное пособие  |f А. П. Чекмарев [и др.]  |g под ред. А. П. Чекмарева 
210 |a Харьков  |a Киев  |c ОНТИ НКТП  |c Государственное научно-техническое издательство Украины  |d 1936 
215 |a 371 с.  |c ил., табл. 
320 |a Приложение: с. 366-371. 
610 1 |a прокатное дело 
610 1 |a черные металлы 
610 1 |a технология 
610 1 |a организация 
610 1 |a прокатные станы 
610 1 |a учебные пособия 
610 1 |a коллекция русских учебников 
675 |a 621.771  |v 3 
686 |a Ч611.68  |v LBC/SL-A  |2 rubbk 
701 1 |a Чекмарев  |b А. П. 
701 1 |a Самарин  |b А. Ф. 
701 1 |a Емельянченко  |b П. Т. 
701 1 |a Бурцев  |b К. И. 
702 1 |a Чекмарев  |b А. П.  |4 340 
801 1 |a RU  |b 63413507  |c 20140519 
801 2 |a RU  |b 63413507  |c 20150623  |g RCR 
942 |c BK